[Event "Guernsey Holiday op 42nd"]
[Site "Guernsey"]
[Date "2016.10.18"]
[Round "3"]
[White "Kirk, Matthew"]
[Black "Van Vliet, Ton"]
[Result "1-0"]
[WhiteElo "1791"]
[BlackElo "1596"]
[PlyCount "83"]
[EventDate "2016.10.16"]
[EventType "swiss"]
[EventRounds "7"]
[EventCountry "GCI"]
[SourceTitle "EXT 2022"]
[Source "ChessBase"]
[SourceDate "2021.10.06"]
[SourceVersion "1"]
[SourceVersionDate "2021.10.06"]
[SourceQuality "1"]

1. d4 d5 2. c4 c6 3. Nc3 e6 4. Nf3 Nf6 5. Bg5 Nbd7 6. e3 Be7 7. Qc2 a6 8. cxd5 exd5 9. Bd3 h6 10. Bxf6 Bxf6 11. 0-0 0-0 12. Rac1 Re8 13. Rfe1 Nf8 14. Bf5 Bxf5 15. Qxf5 Qd7 16. Qxd7 Nxd7 17. Rc2 Nb6 18. b3 Rac8 19. Ne2 Be7 20. Ne5 Bd6 21. Nd3 Re7 22. Nc5 Bxc5 23. Rxc5 Nd7 24. Rc2 Nf6 25. Nc3 Ne4 26. Nxd5 Ree8 27. Nc3 f5 28. Nxe4 fxe4 29. Rec1 Rcd8 30. Kf1 Rf8 31. Rc5 g6 32. R1c4 Rf5 33. Rxf5 gxf5 34. Rc5 Rf8 35. g3 Kg7 36. Ke2 Kg6 37. Re5 Rf7 38. f3 exf3+ 39. Kxf3 Kf6 40. Kf4 Kg6 41. h4 Rf6 42. h5+ 1-0